| 000 | 00847cam a2200145ua 4500 | ||
|---|---|---|---|
| 041 |
_amal _h |
||
| 082 |
_a894.81209 _bKER/GA |
||
| 110 | 1 |
_aKerala University . _b _c(Trivandrum ) |
|
| 245 |
_aGadhya kairali, Vol.I _hTextual Documents |
||
| 260 |
_aTrivandrum : _bKerala University , _c1964. |
||
| 300 | _a194 ; . | ||
| 504 | _a | ||
| 942 | _cBK | ||
| 999 |
_c4935 _d4935 |
||